| 000 -ლიდერი |
| ფიქსირებული სიგრძის საკონტროლო ველი |
01691nam a2200277Ia 4500 |
| 001 - საკონტროლო ნომერი |
| საკონტროლო ველი |
4485 |
| 003 - საკონტროლო ნომრის იდენტიფიკატორი |
| საკონტროლო ველი |
GE_BSU |
| 005 - ბოლო ოპერაციის თარიღი და დრო |
| საკონტროლო ველი |
20191018152453.0 |
| 008 - ფიქსირებული სიგრძის მონაცემთა ელემენტები - ზოგადი ინფორმაცია |
| ფიქსირებული სიგრძის საკონტროლო ველი |
181216s2011||||ge |||||||||||||| ||geo|| |
| 020 ## - წიგნის საერთაშორისო სტანდარტული ნომერი |
| International Standard Book Number |
9789941039294 |
| 040 ## - კატალოგიზაციის წყარო |
| Transcribing agency |
GE_BSU |
| 041 ## - ენის კოდი |
| Language code of text/sound track or separate title |
geo |
| 080 ## - უნივერსალური ათობითი კლასიფიკაციის ინდექსი |
| Universal Decimal Classification number |
27–36+271.22 გ–19 |
| 100 ## - მთავარი ჩანაწერი - პიროვნების სახელი |
| Personal name |
გამახარია, ჯემალ |
| 9 (RLIN) |
551 |
| 245 ## - ცნობა სათაურის შესახებ |
| Title |
წმინდა აღმსარებელი ამბროსი (ხელაია) : |
| Remainder of title |
მოხსენება 150 წლისთავისადმი მიძღვნილ საზეიმო სხდომაზე / |
| Statement of responsibility, etc |
ჯემალ გამახარია; აფხზეთის. ავტნომიური უმაღლ. საბჭო.რედ. ნანა კვარაცხელია |
| 264 ## - წარმოების, გამოცემის, დისტრიბუციის და სხვა ცნობები |
| გამოცემის, წარმოების, დისტრიბუციის... ადგილი |
თბილისი, |
| გამოცემის, წარმოების, დისტრიბუციის... თარიღი |
2011. |
| 300 ## - ფიზიკური აღწერა |
| Extent |
32 გვ. ; |
| Other physical details |
20 სმ. |
| 500 ## - ზოგადი შენიშვნა |
| General note |
იბეჭდება ჭყონდიდელი მიტროპოლიტის პეტრეს (ცაავა) ლოცვა-კურთხევით |
| 600 ## - SUBJECT ADDED ENTRY--PERSONAL NAME |
| Personal name |
ამბროსი (კათოლიკოს-პატრიარქი, 1861-1927, ბესარიონ ხელაია); |
| 9 (RLIN) |
4843 |
| 653 ## - INDEX TERM--UNCONTROLLED |
| Uncontrolled term |
რელიგია |
| 653 ## - INDEX TERM--UNCONTROLLED |
| Uncontrolled term |
ქართველი წმინდანები; |
| 653 ## - INDEX TERM--UNCONTROLLED |
| Uncontrolled term |
საქართველოს კათოლიკოს-პატრიარქები; |
| 700 ## - ADDED ENTRY--PERSONAL NAME |
| Personal name |
კვარაცხელია, ნანა |
| Relator term |
რედაქტორი |
| 9 (RLIN) |
4844 |
| 710 ## - ADDED ENTRY--CORPORATE NAME |
| Corporate name or jurisdiction name as entry element |
აფხაზეთის არ უმაღლესი საბჭო |
| 9 (RLIN) |
4845 |
| 942 ## - ADDED ENTRY ELEMENTS (KOHA) |
| Koha item type |
წიგნი |
| Source of classification or shelving scheme |
|